[Event "17th Asian Cities"]
[Site "Jakarta INA"]
[Date "2011.04.27"]
[Round "7.1"]
[White "Antonio,R"]
[Black "Li Chao2"]
[Result "1/2-1/2"]
[WhiteElo "2589"]
[BlackElo "2646"]

1.e4 c5 2.c3 Nf6 3.e5 Nd5 4.Nf3 Nc6 5.d4 cxd4 6.Bc4 Nb6 7.Bb3 d5 8.exd6 Qxd6
9.O-O Be6 10.Na3 Bxb3 11.Qxb3 e6 12.Nb5 Qd7 13.Nbxd4 Nxd4 14.Nxd4 Bc5 15.Rd1 O-O
16.Be3 Qa4 17.Nxe6 Qxb3 18.axb3 fxe6 19.Bxc5 Rfc8 20.Bxb6 axb6 21.Kf1 Rxa1
22.Rxa1 Kf7 23.Ra4 b5 24.Ra7 Rc7 25.b4 Rd7 26.Ke2 Ke7 27.Ra1 Rd5 28.Rd1 Re5+
29.Kf1 Rf5 30.f3 Rf8 31.Ke2 Ra8 32.Kd3 g5 33.Kc2 h5 34.h3 b6 35.Rd2 Ra1 36.b3 Rf1
37.Kb2 g4 38.fxg4 hxg4 39.hxg4 Rf4 40.g3 Rxg4 41.Rg2 e5 42.Kc2 Kd6 43.Kd3 Kd5
44.Ke3 e4 45.Rg1 Ke5 46.Kf2 Rg8 47.Rh1 Rc8 48.Rh5+ Kd6 49.Rxb5 Rxc3 50.Rxb6+ Ke5
51.Rb8 Rxb3 52.b5 Rb2+ 53.Kf1 Rb1+ 54.Kg2 Rb2+ 55.Kh3 e3 56.b6 e2 57.b7 e1=Q
58.Re8+ Kf6 59.Rxe1 Rxb7 60.Kh4 Kg6  1/2-1/2

[Event "Sydney International Open"]
[Site "Sydney AUS"]
[Date "2011.04.29"]
[Round "5.30"]
[White "Gu,S"]
[Black "Qin,Tomson"]
[Result "1-0"]
[WhiteElo "1866"]
[BlackElo "1682"]

1.e4 c5 2.c3 Nf6 3.e5 Nd5 4.Nf3 Nc6 5.Bc4 Nb6 6.Bb3 c4 7.Bc2 Qc7 8.Qe2 g5
9.Na3 g4 10.Nb5 Qb8 11.Nd6+ exd6 12.exd6+ Be7 13.dxe7 gxf3 14.Qxf3 Qe5+ 15.Kd1 Nxe7
16.Re1 Qd6 17.Qe4 Kd8 18.b3 Nbd5 19.Qd4 Rf8 20.bxc4 Qxh2 21.cxd5 Qxg2 22.Qf6  1-0

[Event "Heroes Day Masters"]
[Site "Bridgetown BAR"]
[Date "2011.04.30"]
[Round "4"]
[White "Denny,K"]
[Black "Harper,R"]
[Result "1-0"]
[WhiteElo "2305"]
[BlackElo "2184"]

1.e4 c5 2.c3 Nf6 3.e5 Nd5 4.d4 cxd4 5.cxd4 d6 6.Bc4 e6 7.Nf3 Nc6 8.O-O Be7
9.Re1 a6 10.Qe2 b5 11.Bxd5 exd5 12.Qc2 Nb4 13.Qb3 dxe5 14.Nxe5 Bb7 15.Bd2 Nc6
16.Nxc6 Bxc6 17.Bb4 Ra7 18.Qa3 a5 19.Nd2 Kf8 20.Rxe7 axb4 21.Qxa7 Qxe7 22.Qb8+ Qe8
23.Qd6+ Kg8 24.Rc1 Bd7 25.Rc7 Be6 26.Rb7 h6 27.Nb3 Kh7 28.Nc5 Qa8 29.h3 Qxa2
30.Nxe6 fxe6 31.Qxe6 Rg8 32.Rxb5 Qxb2 33.Qe3 Rc8 34.Qd3+ Kh8 35.Qf5 Rd8 36.Qe5 Rf8
37.f3 b3 38.Rb7 Rg8 39.Qe3 Qb1+ 40.Kh2 b2 41.Qd2 Qc1 42.Rxb2 Qc7+ 43.Kg1 Ra8
44.Kf2 Ra1 45.Rc2 Qd8 46.Qf4 Ra8 47.Rb2 Qe7 48.Kg3 Qe1+ 49.Kh2 Qe6 50.Rb7 Re8
51.Rf7 Kg8 52.Rf5 Rd8 53.Re5 Qd7 54.Qf5 Qxf5 55.Rxf5 Rd6 56.g4 g6 57.Re5 Kf7
58.Kg3 Kf6 59.h4 Rd7 60.g5+ hxg5 61.Rxg5 Rd8 62.Kg4 Rd7 63.Kf4 Rd8 64.h5 gxh5
65.Rxh5 Ke6 66.Rh6+ Kd7 67.Ke5 Re8+ 68.Kxd5 Re1 69.Rh7+ Ke8 70.Kd6 Rf1 71.Re7+ Kd8
72.Re3 Ra1 73.d5 Ra6+ 74.Ke5 Ke7 75.f4 Ra1 76.f5 Kf7 77.Re4 Ra2 78.d6 Ra5+
79.Kf4 Rd5 80.Re7+ Kf8 81.Re6 Kf7 82.Kg5 Rd1 83.Rf6+ Kg7 84.Re6 Kf7 85.Kf4 Rd2
86.Ke5 Re2+ 87.Kd5 Rd2+ 88.Kc6 Rc2+ 89.Kb7 Rb2+ 90.Kc7 Rc2+ 91.Kd8 Rc5 92.d7 Rc1
93.Re2 Rc5 94.Ra2 Rc1 95.Ra8 Rc5 96.Rc8 Ra5  1-0

[Event "8th Balagne Open"]
[Site "Calvi FRA"]
[Date "2011.04.30"]
[Round "7.6"]
[White "Terrieux,K"]
[Black "Bakre,T"]
[Result "0-1"]
[WhiteElo "2422"]
[BlackElo "2530"]

1.e4 c5 2.c3 Nf6 3.e5 Nd5 4.d4 cxd4 5.Nf3 e6 6.cxd4 d6 7.Bc4 dxe5 8.dxe5 Bb4+
9.Bd2 Bxd2+ 10.Nbxd2 Nb6 11.Bb3 Bd7 12.Ne4 O-O 13.Nfg5 Bc6 14.Qg4 Bxe4 15.Nxe4 N6d7
16.f4 Nc5 17.Nxc5 Qa5+ 18.Kf2 Qxc5+ 19.Kg3 Nc6 20.Ba4 Qb6 21.Rhd1 Nd4 22.Rd3 Rad8
23.Kh3 Nf5 24.Rxd8 Rxd8 25.Rd1 g6 26.Qe2 Rxd1 27.Qxd1 h5 28.Qd2 Kg7 29.Bd1 Qg1
30.Bf3 Ne3 31.g3 g5  0-1

[Event "8th Balagne Open"]
[Site "Calvi FRA"]
[Date "2011.04.30"]
[Round "8.10"]
[White "Humeau,C"]
[Black "Terrieux,K"]
[Result "1/2-1/2"]
[WhiteElo "2230"]
[BlackElo "2422"]

1.e4 c5 2.c3 Nf6 3.e5 Nd5 4.Nf3 Nc6 5.Bc4 Nb6 6.Bb3 c4 7.Bc2 d5 8.exd6 Qxd6
9.O-O Bg4 10.Re1 e6 11.b3 Be7 12.Qe2 cxb3 13.axb3 O-O 14.d4 Nd5 15.Ba3 Qc7
16.Bxe7 Qxe7 17.Qd3 Bf5 18.Qd2 Bxc2 19.Qxc2 a5 20.Na3 Rfd8 21.Nb5 h6 22.Qe2 Nc7
23.Ne5 Nxe5 24.Qxe5 Nxb5 25.Qxb5 Qc7 26.Re3 Rd5 27.Qd3 Rad8 28.Qc4 Qd6 29.g3 b5
30.Qe2 Qb6 31.Re5 b4 32.c4 Qxd4 33.Rxa5 Rxa5 34.Rxa5 Qd1+ 35.Qxd1 Rxd1+ 36.Kg2 Rd3
37.Ra8+ Kh7 38.Rb8 Rxb3 39.c5 Rc3 40.Rxb4 Rxc5 41.h4 h5 42.Ra4 Kg6 43.Ra6 Rc8
44.Ra5 f6 45.Ra7 e5 46.Kf3 Rc3+ 47.Kg2 Rc4 48.Ra2 Kf5 49.Kh3 Rc5 50.Rb2 g6
51.Ra2 e4 52.Rb2 Rd5 53.Ra2 Ke5 54.Kg2 Kd4 55.Ra6 Ke5 56.Ra2 Kf5 57.Kh3 Re5
58.Ra4 Rb5 59.Ra2 Ke5 60.Kg2 Rd5  1/2-1/2

[Event "Karlovy Vary Open"]
[Site "Karlovy Vary CZE"]
[Date "2011.04.30"]
[Round "3.11"]
[White "Molnar,Lad"]
[Black "Hlavac,R"]
[Result "1/2-1/2"]
[WhiteElo "1811"]
[BlackElo "2079"]

1.e4 c5 2.c3 Nf6 3.e5 Nd5 4.d4 cxd4 5.Qxd4 e6 6.Bc4 Nc6 7.Qe4 Nde7 8.Bg5 Qc7
9.Bxe7 Bxe7 10.Nf3 b6 11.Nbd2 Bb7 12.Qe2 O-O 13.O-O d6 14.exd6 Qxd6 15.Ba6 Bxa6
16.Qxa6 Rfd8 17.Qa4 Rd7 18.Ne4 Qc7 19.Rad1 Rad8 20.Rxd7 Qxd7 21.Ned2 h6 22.Nb3 Bf6
23.Qe4 g6 24.h4 Bg7 25.Re1 Qd5 26.Qxd5 Rxd5 27.g3 b5 28.Re2 b4 29.c4 Rd1+
30.Kg2 Rb1 31.Rd2 Rxb2 32.Rd6 Ne5 33.Nxe5 Bxe5 34.Ra6 Bc3 35.Kf1 Rb1+ 36.Kg2 Rb2
37.Kf1 Rb1+ 38.Kg2 Rb2  1/2-1/2

[Event "43rd TCh-ITA 2011"]
[Site "Spoleto ITA"]
[Date "2011.04.30"]
[Round "5"]
[White "Genocchio,D"]
[Black "Caprio,G"]
[Result "1-0"]
[WhiteElo "2433"]
[BlackElo "2299"]

1.e4 c5 2.c3 Nf6 3.e5 Nd5 4.Nf3 Nc6 5.d4 cxd4 6.cxd4 d6 7.Nc3 dxe5 8.dxe5 Nxc3
9.Qxd8+ Nxd8 10.bxc3 Bd7 11.Be3 g6 12.Nd4 Rc8 13.Nb3 Ne6 14.c4 Bg7 15.f4 g5
16.f5 Nd8 17.f6 exf6 18.exf6 Bxf6 19.Rd1 Bg4 20.Rd6 Be7 21.Rd4 Bf5 22.Be2 Ne6
23.O-O Bg6 24.Rd5 b6 25.a4 Bc2 26.Nd4 Bxa4 27.Nxe6 fxe6 28.Bh5+  1-0

[Event "NK Jeugd A"]
[Site "Haarlem NED"]
[Date "2011.05.01"]
[Round "2"]
[White "Van der Lende,I"]
[Black "Colijn,E"]
[Result "1-0"]
[WhiteElo "2106"]
[BlackElo "1982"]

1.e4 c5 2.c3 Nf6 3.e5 Nd5 4.d4 cxd4 5.Nf3 Nc6 6.cxd4 e6 7.Bc4 Nb6 8.Bb5 a6
9.Bxc6 dxc6 10.Qc2 Be7 11.O-O Bd7 12.Nbd2 Nd5 13.Ne4 b6 14.Bg5 f5 15.exf6 gxf6
16.Bh6 Rg8 17.Ng3 Rg6 18.Bd2 Qc7 19.Qd3 Bd6 20.Rfe1 Bf4 21.Nh4 Bxd2 22.Qxd2 Rg8
23.Qd3 Nf4 24.Qa3 Kd8 25.Ne4 Nd5 26.Nd6 b5 27.Qc5 Qb8 28.Rac1 Ne7 29.Nf7+ Ke8
30.Nh6 Rg5 31.N4f5 Qd8 32.h4 Rg6 33.h5 Nxf5 34.hxg6 Nxh6 35.Qh5  1-0

[Event "Ostravsky Konik A"]
[Site "Ostrava CZE"]
[Date "2011.05.01"]
[Round "2.2"]
[White "Kislinsky,A"]
[Black "Furman,Bo"]
[Result "0-1"]
[WhiteElo "2504"]
[BlackElo "2264"]

1.e4 c5 2.c3 Nf6 3.e5 Nd5 4.d4 cxd4 5.cxd4 d6 6.Bc4 Nb6 7.Bb5+ Nc6 8.Nf3 dxe5
9.Nxe5 Bd7 10.Nxd7 Qxd7 11.Nc3 a6 12.Bxc6 bxc6 13.O-O g6 14.Re1 Bg7 15.Bg5 e6
16.Ne4 Nd5 17.Nc5 Qd6 18.Bh4 O-O 19.Rc1 Rfc8 20.a3 a5 21.Rc2 Nb6 22.Rd2 Qd5
23.Ne4 Nd7 24.Bg3 a4 25.Nc3 Qa5 26.h3 Nb6 27.Ne4 Rd8 28.Bh4 Rxd4 29.Rxd4 Bxd4
30.Qxd4 Qxe1+ 31.Kh2 Nd5 32.Nf6+ Nxf6 33.Bxf6 Re8 34.f4 Qa5 35.Bg5 Qd5 36.Qf6 Qf5
37.Qc3 Qe4 38.Bh6 e5 39.Kh1 f6 40.Qa5 exf4 41.Kh2 Qe1  0-1

[Event "Victory Day GM"]
[Site "Moscow RUS"]
[Date "2011.05.02"]
[Round "4"]
[White "Arslanov,S"]
[Black "Arustamian,A"]
[Result "1/2-1/2"]
[WhiteElo "2411"]
[BlackElo "2404"]

1.e4 c5 2.c3 Nf6 3.e5 Nd5 4.Nf3 Nc6 5.Bc4 Nb6 6.Bb3 d5 7.exd6 exd6 8.d4 c4
9.Bc2 Bg4 10.O-O Be7 11.Bf4 d5 12.Nbd2 Bh5 13.Re1 O-O 14.b3 cxb3 15.axb3 Bg6
16.Ne5 Nxe5 17.Bxe5 Re8 18.Nf3 a5 19.Bxg6 hxg6 20.Qd3 Qd7 21.Bg3 Bf6 22.c4 Rxe1+
23.Rxe1 dxc4 24.bxc4 a4 25.c5 Nd5 26.Ra1 b5 27.cxb6 Nxb6 28.Ne5 Bxe5 29.Bxe5 Qd5
30.h4 Nc4 31.Qg3 a3 32.Qb3 f6 33.Bd6 Qxd4 34.Rxa3 Rxa3 35.Bxa3 Qxh4 36.Bc5 Kh7
37.Qb7 Ne5 38.Bf8 Qh6 39.Qc7 Ng4 40.Bb4 Qh4 41.Qf4 Qh5 42.f3 Nh6 43.Qc7 Qd5
44.Bc3 Qe6 45.Bd2 g5 46.Qc2+ Kg8 47.Qc7 Nf5 48.Kf2 Qd5 49.Bc3 Qd3 50.Qc8+ Kh7
51.Kg1 Ne3 52.Kh2 Qd6+ 53.Kg1 Qd3 54.Kh2 Qc2 55.Qh3+ Kg6 56.Be1 Qd1 57.Bf2 Nf1+
58.Kg1 Ne3+ 59.Kh2 g4 60.Qh4 Nf1+ 61.Kg1 Nd2+ 62.Kh2 Nf1+ 63.Kg1 Nd2+ 64.Kh2 Nf1+  1/2-1/2

[Event "ch-UKR semi-final"]
[Site "Alushta UKR"]
[Date "2011.05.03"]
[Round "1.38"]
[White "Fingerov,D"]
[Black "Kabachienko,A"]
[Result "1-0"]
[WhiteElo "2402"]
[BlackElo "2078"]

1.e4 c5 2.c3 Nf6 3.e5 Nd5 4.g3 Nc6 5.Bg2 Qc7 6.Ne2 Qxe5 7.d4 cxd4 8.cxd4 Qd6
9.Nbc3 Nxc3 10.bxc3 e6 11.O-O Be7 12.Bf4 Qa3 13.c4 O-O 14.d5 Na5 15.Rc1 d6
16.c5 e5 17.Bd2 Bg4 18.f3 Bd7 19.f4 exf4 20.Nxf4 dxc5 21.Rf3 Qxa2 22.Ra1 Qc4
23.Bxa5 Bg4 24.d6 Bf6 25.Rc1 Bxf3 26.Bxf3 Qb5 27.Bc7 a5 28.Rb1 Bb2 29.Qc2 Bd4+
30.Kg2 Qd7 31.Nd5 Qe6 32.Nb6 Rad8 33.Bxd8 Rxd8 34.Nc4 f5 35.Rb5 Qe1 36.Rb1 Qe6
37.Nxa5 g5 38.Nxb7 Rb8  1-0

[Event "13th Salou Open"]
[Site "Salou ESP"]
[Date "2011.05.05"]
[Round "2"]
[White "Oberhofer,A"]
[Black "Hamdouchi,H"]
[Result "0-1"]
[WhiteElo "2294"]
[BlackElo "2593"]

1.e4 c5 2.c3 Nf6 3.e5 Nd5 4.Nf3 e6 5.d4 cxd4 6.cxd4 d6 7.a3 Bd7 8.Bd3 Bc6
9.O-O Nd7 10.Nbd2 dxe5 11.Nc4 Nf4 12.Bc2 Rc8 13.dxe5 Bxf3 14.Qxf3 Rxc4 15.Bb3 Nxe5
16.Qxb7 Ne2+ 17.Kh1 Qb6 18.Qa8+ Ke7 19.Bxc4 Nxc4 20.Qe4 Nxc1 21.Raxc1 Nd6
22.Qa4 f5 23.Rc6 Qxb2 24.Qh4+ Kf7 25.Rc7+ Kg6 26.Re1 Ne4 27.h3 Qxf2 28.Qxf2 Nxf2+
29.Kg1 Ne4  0-1

[Event "TCh-SVK Extraliga 2010-11"]
[Site "Slovakia SVK"]
[Date "2011.05.06"]
[Round "9"]
[White "Boricsev,O"]
[Black "Vovk,A"]
[Result "0-1"]
[WhiteElo "2429"]
[BlackElo "2546"]

1.e4 c5 2.c3 Nf6 3.e5 Nd5 4.d4 cxd4 5.Nf3 Nc6 6.Bc4 e6 7.cxd4 d6 8.Qe2 Be7
9.O-O O-O 10.Nc3 dxe5 11.dxe5 Nxc3 12.bxc3 Qc7 13.Qe4 Rd8 14.Re1 g6 15.Bg5 Bxg5
16.Nxg5 h6 17.Nf3 Kg7 18.Rad1 Bd7 19.Qf4 Be8 20.h4 Qe7 21.h5 Na5 22.Bf1 Bc6
23.Nd4 Qg5 24.Qxg5 hxg5 25.hxg6 Kxg6 26.Bd3+ Kg7 27.Re3 Rac8 28.Rg3 Ba4 29.Rd2 Rxc3
30.Rxg5+ Kf8 31.Rg4 Ke7 32.Be2 Rc5 33.Nf3 Rxd2 34.Nxd2 Bc6 35.Nb3 Rxe5 36.Nd4 Bd5
37.a3 Re4 38.Rxe4 Bxe4 39.f3 Bg6 40.f4 a6 41.Kf2 Kd6 42.Ke3 Kc5 43.g4 Nc4+
44.Bxc4 Kxc4 45.Nf3 Kb3 46.Kd4 Kxa3 47.Kc5 a5 48.Ne5 Kb3  0-1

[Event "TCh-SVK Extraliga 2010-11"]
[Site "Slovakia SVK"]
[Date "2011.05.06"]
[Round "9"]
[White "Pcola,J"]
[Black "Krak,T"]
[Result "0-1"]
[WhiteElo "2158"]
[BlackElo "2233"]

1.e4 c5 2.c3 Nf6 3.e5 Nd5 4.d4 Nc6 5.Nf3 cxd4 6.cxd4 d6 7.Nc3 dxe5 8.dxe5 Nxc3
9.Qxd8+ Nxd8 10.bxc3 Bd7 11.Be3 g6 12.Nd4 Bg7 13.f4 Rc8 14.Rc1 O-O 15.Bd3 Ne6
16.O-O Rfd8 17.Nb3 Bc6 18.Be2 b6 19.g4 g5 20.f5 Nf4 21.Bxf4 gxf4 22.e6 fxe6
23.Bc4 Bd5 24.Ba6 Rxc3 25.Rxc3 Bxc3 26.Rxf4 exf5 27.gxf5 Kf7 28.Bc4 Kf6 29.Kf2 Be5
30.Rh4 Kg5  0-1

[Event "TCh-SVK Extraliga 2010-11"]
[Site "Slovakia SVK"]
[Date "2011.05.06"]
[Round "9"]
[White "Horvath,Marek"]
[Black "Banas,J"]
[Result "0-1"]
[WhiteElo "1829"]
[BlackElo "2306"]

1.e4 c5 2.c3 Nf6 3.e5 Nd5 4.d4 cxd4 5.Nf3 e6 6.cxd4 d6 7.Bc4 Nb6 8.Bb3 dxe5
9.dxe5 Qxd1+ 10.Bxd1 Nc6 11.a3 Nc4 12.Ba4 Bd7 13.Bxc6 Bxc6 14.Nbd2 Nxd2 15.Bxd2 Bc5
16.Rc1 Bb6 17.Bb4 f6 18.Bd6 Kf7 19.O-O Rac8 20.Rfe1 Rhd8 21.Bb4 Bxf3 22.gxf3 fxe5
23.Rxc8 Rxc8 24.Re2 Bd4 25.Bd6 Kf6 26.f4 exf4 27.Bxf4 e5 28.Be3 Rc7 29.Kg2 Kf5
30.Bxd4 exd4 31.Kf3 g5 32.h3 Rd7 33.Rd2 h5 34.Re2 g4+ 35.hxg4+ hxg4+ 36.Kg3 d3
37.Rd2 Rh7 38.Rd1 b6 39.Kg2 Ke4 40.Kg3 Rg7 41.Rd2 Kd4 42.Kf4 Rc7  0-1

[Event "ch-UKR semi-final"]
[Site "Alushta UKR"]
[Date "2011.05.07"]
[Round "5.47"]
[White "Demkovich,A"]
[Black "Tichonov,J"]
[Result "1-0"]
[WhiteElo "2424"]
[BlackElo "2128"]

1.e4 c5 2.c3 Nf6 3.e5 Nd5 4.g3 Nc6 5.Bg2 e6 6.Qe2 Qc7 7.f4 Be7 8.Nf3 O-O
9.O-O d6 10.d3 b5 11.c4 bxc4 12.dxc4 Nb6 13.exd6 Bxd6 14.Nc3 Bb7 15.Nb5 Qe7
16.b3 Rfd8 17.Be3 a6 18.Nxd6 Qxd6 19.Rad1 Qe7 20.Qf2 Rxd1 21.Rxd1 Nd7 22.Ng5 f5
23.Nxe6  1-0

[Event "ch-UKR semi-final"]
[Site "Alushta UKR"]
[Date "2011.05.07"]
[Round "5.44"]
[White "Stoockalov,V"]
[Black "Afanasjev,An"]
[Result "1/2-1/2"]
[WhiteElo "2262"]
[BlackElo "2008"]

1.e4 c5 2.c3 Nf6 3.e5 Nd5 4.Nf3 Nc6 5.Bc4 Nb6 6.Bb3 d5 7.d4 cxd4 8.cxd4 Bg4
9.Be3 e6 10.O-O Rc8 11.Nc3 Be7 12.h3 Bh5 13.Rc1 O-O 14.Qe2 f5 15.exf6 Bxf6
16.g4 Bg6 17.Ne5 Bxe5 18.dxe5 Na5 19.Bc2 Bxc2 20.Rxc2 Nac4 21.Bc1 Qh4 22.Kg2 d4
23.b3 d3 24.Qxd3 Nxe5 25.Qe2 Rf3 26.Rh1 Rcf8 27.Ne4 h6 28.Rc3 Nd5 29.Rxf3 Rxf3
30.Ng3 Qf6 31.Nh5 Qf7 32.Qxe5 Rxf2+ 33.Kg3 Rf3+ 34.Kg2  1/2-1/2

[Event "TCh-SVK Extraliga 2010-11"]
[Site "Slovakia SVK"]
[Date "2011.05.07"]
[Round "10"]
[White "Boricsev,O"]
[Black "Federic,J"]
[Result "0-1"]
[WhiteElo "2429"]
[BlackElo "2283"]

1.e4 c5 2.c3 Nf6 3.e5 Nd5 4.d4 cxd4 5.Nf3 e6 6.cxd4 b6 7.Nc3 Nxc3 8.bxc3 Qc7
9.Bd2 Bb7 10.Bd3 d6 11.O-O Nd7 12.Re1 dxe5 13.Nxe5 Nxe5 14.Rxe5 Bd6 15.Bb5+ Bc6
16.Qf3 Rc8 17.Bxc6+ Qxc6 18.d5 Qb7 19.Rg5 O-O 20.Qd3 Be7 21.Rh5 g6 22.d6 Rfd8
23.Qh3 gxh5 24.dxe7 Qxe7 25.Bh6 Qf6 26.Qxh5 Rd5 27.Qg4+ Qg6 28.Qxg6+ hxg6  0-1

[Event "ch-Euro Indiv Women"]
[Site "Tbilisi GEO"]
[Date "2011.05.07"]
[Round "1"]
[White "Mamedjarova,T"]
[Black "Shamatava,A"]
[Result "1/2-1/2"]
[WhiteElo "2322"]
[BlackElo "1917"]

1.e4 c5 2.c3 Nf6 3.e5 Nd5 4.d4 cxd4 5.Qxd4 e6 6.Nf3 Nc6 7.Qe4 f5 8.Qe2 b5
9.g3 Qc7 10.Bg2 a6 11.O-O Be7 12.Re1 O-O 13.h4 Bb7 14.Bg5 Bc5 15.h5 Rac8
16.h6 g6 17.Nbd2 Rfe8 18.a4 bxa4 19.Rxa4 Nd8 20.Nb3 Bf8 21.Na5 Ba8 22.Qxa6 Nf7
23.Bd2 Nxh6 24.Nd4 Ng4 25.Qe2 Rb8 26.Nc4 Bc6 27.Raa1 Nb6 28.Nxc6 dxc6 29.b4 Nxc4
30.Qxc4 Nxe5 31.Qb3 Bd6 32.Ra6 Qc8 33.Qa4 Ra8 34.Rxa8 Qxa8 35.Qxa8 Rxa8 36.Bf4 Nd3
37.Rxe6 Bxf4 38.gxf4 Nxf4 39.Rxc6 Ra1+ 40.Kh2 Ra2 41.b5 g5 42.Kg3 Ne2+ 43.Kf3 g4+
44.Ke3 f4+ 45.Ke4 f3 46.Bf1 Ra1 47.b6 Rxf1 48.b7 Rb1 49.Rc8+ Kg7 50.b8=Q Rxb8
51.Rxb8 Nxc3+ 52.Kf4 Nd1 53.Rb7+ Kg6 54.Rb6+ Kg7 55.Kg3 h5 56.Re6 Kh7 57.Rd6 Nc3
58.Kf4 Ne2+ 59.Kg5 g3 60.fxg3 f2 61.Rd7+ Kg8 62.Rd1 Nxg3  1/2-1/2

[Event "ch-UKR semi-final"]
[Site "Alushta UKR"]
[Date "2011.05.08"]
[Round "6.70"]
[White "Vershigora,Y"]
[Black "Chernoukhov,A"]
[Result "1/2-1/2"]
[WhiteElo "1988"]
[BlackElo "1807"]

1.e4 c5 2.c3 Nf6 3.e5 Nd5 4.d4 cxd4 5.cxd4 e6 6.Nf3 Be7 7.Nc3 Nc6 8.Bd2 O-O
9.Rc1 a6 10.Bd3 d6 11.Qe2 dxe5 12.dxe5 f6 13.exf6 Bxf6 14.Qe4 g6 15.O-O Qd6
16.Rfe1 Bd7 17.Bc4 Nxc3 18.Bxc3 Bxc3 19.Rxc3 Rae8 20.Rd3 Qc7 21.Nd4 Rf4 22.Qe3 Nxd4
23.Rxd4 Rf6 24.Re4 Kg7 25.Qd4 Kf7 26.g3 Bc6 27.Re5 Rd8 28.Qh4 h5 29.Bxe6+ Kg7
30.Bb3 Rd7 31.Re8 Qd6 32.Qc4 Rdf7 33.R1e6 Bxe8 34.Rxd6 Rxd6 35.Qc3+ Rff6
36.Qc7+ Rd7 37.Qc8 Re7 38.f4 Rc6 39.Qd8 Re2 40.Qd4+ Kh7 41.Bc4 Rc2 42.Bd3 Rc1+
43.Kf2 Re6 44.f5 Rec6 45.Qd5 Rf6 46.Qxb7+ Bf7 47.h3 gxf5 48.g4 hxg4 49.hxg4 Kh6
50.Qe7 Rcc6 51.gxf5 Bxa2 52.Kg3 Rcd6 53.Kf4 Bf7 54.Qf8+ Kh7 55.Kg5 Rb6 56.Be4 Rbd6
57.b4 Rb6 58.Qe7 Kg7 59.Bd5 a5 60.bxa5 Ra6 61.Be6 Rfxe6 62.fxe6 Rxe6 63.Qb7 Re5+
64.Kf4 Rxa5 65.Qb2+ Kg8 66.Qf6 Rd5 67.Ke4 Rd7 68.Qg5+ Kf8 69.Qh4 Rd6 70.Qh8+ Ke7
71.Ke5 Rg6 72.Qb8 Re6+ 73.Kf5 Bg6+ 74.Kg5 Be4 75.Qc7+ Ke8 76.Qc8+ Kf7 77.Qd7+ Re7  1/2-1/2

[Event "ch-UKR semi-final"]
[Site "Alushta UKR"]
[Date "2011.05.08"]
[Round "6.43"]
[White "Bortnik,N"]
[Black "Dhillon,J"]
[Result "1-0"]
[WhiteElo "2302"]
[BlackElo "2029"]

1.e4 c5 2.c3 Nf6 3.e5 Nd5 4.d4 cxd4 5.Nf3 e6 6.cxd4 b6 7.Bc4 Bb7 8.Bxd5 Bxd5
9.Nc3 Bb4 10.O-O Bxc3 11.bxc3 Nc6 12.Nd2 Na5 13.Qg4 O-O 14.c4 Bb7 15.Nb3 f5
16.Qe2 Rc8 17.Nxa5 bxa5 18.Ba3 Re8 19.Rab1 Ba6 20.Bc5 Qc7 21.Rfc1 Qc6 22.Qd2 a4
23.Rc3 Rb8 24.Re1 a3 25.Rg3 Rb7 26.Bd6  1-0

[Event "ch-UKR semi-final"]
[Site "Alushta UKR"]
[Date "2011.05.09"]
[Round "7.52"]
[White "Stoockalov,V"]
[Black "Bezkorovaina,M"]
[Result "1-0"]
[WhiteElo "2262"]
[BlackElo "1990"]

1.e4 c5 2.c3 Nf6 3.e5 Nd5 4.Nf3 Nc6 5.Bc4 Nb6 6.Bb3 c4 7.Bc2 Qc7 8.Qe2 g5
9.e6 dxe6 10.Nxg5 Qe5 11.d4 cxd3 12.Bxd3 Qxe2+ 13.Bxe2 Bg7 14.O-O h6 15.Ne4 e5
16.Na3 Bf5 17.Ng3 Bg6 18.Nh5 O-O 19.Nxg7 Kxg7 20.Nc4 Nd5 21.a4 Rad8 22.Re1 f5
23.Bf1 e4 24.f3 Nf6 25.Bf4 Rd5 26.Rad1 Rfd8 27.Rxd5 Rxd5 28.Bc1 e5 29.fxe4 Nxe4
30.g3 Ng5 31.Bg2 e4 32.h4 Nf7 33.Bf4 Rc5 34.Bf1 Rd5 35.Kf2 Kf6 36.Be2 Nce5
37.Nxe5 Nxe5 38.Bxh6 Nd3+ 39.Bxd3 Rxd3 40.Be3 a6 41.Re2 Be8 42.a5 Rd1 43.Rd2 Ra1
44.Bb6 Rb1 45.Ke3 Re1+ 46.Kf4 Rf1+ 47.Rf2 Re1 48.Be3 Bh5 49.Rd2 Rf1+ 50.Rf2 Re1
51.Bd2 Rb1 52.c4 Rg1 53.Bc3+ Kg6 54.Rd2 Rf1+ 55.Ke5 e3 56.Rd6+ Kf7 57.Rf6+ Ke8
58.Rxf5 Bf3 59.Kf6 Kd7 60.Kg5 e2 61.Re5 Rg1 62.Re3 Rxg3+ 63.Kf4 Rh3 64.Rxf3 Rxh4+
65.Ke3 Rxc4 66.Kxe2 Re4+ 67.Kd3 Re6 68.Bd4 Kc6 69.Rf6  1-0

[Event "FSGM May"]
[Site "Budapest HUN"]
[Date "2011.05.09"]
[Round "3.1"]
[White "Manca,F"]
[Black "Szabo,Ben"]
[Result "1/2-1/2"]
[WhiteElo "2399"]
[BlackElo "2350"]

1.e4 c5 2.c3 Nf6 3.e5 Nd5 4.d4 cxd4 5.Nf3 e6 6.cxd4 d6 7.Bc4 Nb6 8.Bd3 dxe5
9.dxe5 Na6 10.Bg5 Be7 11.Bxe7 Qxe7 12.O-O O-O 13.Nc3 Nb4 14.Be4 Rd8 15.Qb3 Rb8
16.Nb5 Bd7 17.Nd6 N4d5 18.Rac1 Bc6 19.Nd4 Qg5 20.Nxc6 bxc6 21.f4 Qg4 22.Qf3 Qxf3
23.Rxf3 f5 24.Bc2 Nc8 25.Nc4 Rb4 26.Bb3 Nce7 27.g3 Rdb8 28.Na5 R8b6 29.Rf2 R4b5
30.Nc4 Rb8 31.Nd6 R5b6 32.Rc5 Ra6 33.Nc4 Kf7 34.Ra5 Rxa5 35.Nxa5 Ke8 36.Ba4 Rb6
37.a3 Ra6 38.b4 h6 39.Rc2 g5 40.Bxc6+ Nxc6 41.Rxc6 Rxc6 42.Nxc6 gxf4 43.Nxa7 fxg3
44.hxg3 Kd7 45.Nb5 Ne3 46.Nd4 Nc4 47.a4 Nxe5 48.a5 Nc4 49.a6 Kd6 50.Kf2 Kd5
51.a7 Nb6 52.Ke3 h5 53.Ne2 e5 54.Nc3+ Kc4 55.Na4 f4+ 56.gxf4 exf4+ 57.Kxf4 Na8
58.Kg5  1/2-1/2

[Event "ch-Euro Indiv Women"]
[Site "Tbilisi GEO"]
[Date "2011.05.09"]
[Round "3"]
[White "Mammadova,A"]
[Black "Shaidullina,S"]
[Result "1/2-1/2"]
[WhiteElo "1964"]
[BlackElo "2160"]

1.e4 c5 2.c3 Nf6 3.e5 Nd5 4.d4 cxd4 5.Nf3 Nc6 6.cxd4 g6 7.Bc4 Nb6 8.Bb3 Bg7
9.O-O O-O 10.Bf4 d6 11.h3 dxe5 12.dxe5 Bf5 13.Qxd8 Raxd8 14.Nc3 Na5 15.Be3 Nxb3
16.axb3 Nc8 17.Bxa7 Bd3 18.Rfe1 b6 19.e6 fxe6 20.Bb8 Bc2 21.Ra3 Nd6 22.Bc7 Rc8
23.Bxd6 exd6 24.Rxe6 Bxc3 25.bxc3 Rxc3 26.Rxd6 Bxb3 27.Rxb6 Rc1+ 28.Kh2 Bd5
29.Kg3 Rc5 30.h4 Rc4 31.Rd3 Bxf3 32.Rxf3 Rxf3+ 33.Kxf3 Rxh4 34.Rb7 Ra4 35.g3 Ra5
36.Kf4 Rf5+  1/2-1/2

[Event "Sten Open"]
[Site "Hradec Kralove CZE"]
[Date "2011.05.12"]
[Round "5"]
[White "Nemec,O"]
[Black "Brhlik,A"]
[Result "1-0"]
[WhiteElo "1884"]
[BlackElo "1727"]

1.e4 c5 2.c3 Nf6 3.e5 Nd5 4.d4 cxd4 5.cxd4 Nc6 6.Nf3 e6 7.Bc4 Nb6 8.Bb3 d5
9.O-O Be7 10.Nc3 O-O 11.Bf4 Bd7 12.Rc1 Na5 13.Bc2 f5 14.exf6 Bxf6 15.Qd3 g6
16.Ne5 Nac4 17.Nxg6 Rf7 18.Ne5 Nxe5 19.dxe5 Bg5 20.Bxg5 Qxg5 21.f4 Qh6 22.Ne2 Rg7
23.Rf3 Rg4 24.Rh3 Qg7 25.Qxh7+ Qxh7 26.Bxh7+ Kf8 27.Bd3 Rc8 28.Rxc8+ Nxc8
29.Rh7 Bc6 30.h3 Rg8 31.Nd4  1-0

[Event "9th Somov Mem"]
[Site "Kirishi RUS"]
[Date "2011.05.13"]
[Round "6"]
[White "Mammadov,Z"]
[Black "Alekseenko,K"]
[Result "1/2-1/2"]
[WhiteElo "2351"]
[BlackElo "2317"]

1.e4 c5 2.c3 Nf6 3.e5 Nd5 4.Nf3 Nc6 5.Bc4 e6 6.O-O Be7 7.d4 cxd4 8.cxd4 d6
9.Qe2 O-O 10.Qe4 Bd7 11.Bd3 f5 12.exf6 Nxf6 13.Qe2 Qa5 14.Nc3 Qh5 15.Bf4 Qg4
16.Bg3 Nxd4 17.Nxd4 Qxd4 18.Rad1 Qb6 19.Bc4 Rf7 20.Bxe6 Bxe6 21.Qxe6 Qxb2
22.Nd5 Nxd5 23.Qxd5 Bf6 24.Rb1 Qd4 25.Qe6 b6 26.Rbc1 Be5 27.Rc4 Qd3 28.Rfc1 g6
29.Rc8+ Rxc8 30.Rxc8+ Kg7 31.Bxe5+ dxe5 32.Qxe5+ Kh6 33.h4 Qd1+ 34.Kh2 Qg4
35.Qe3+ Qf4+ 36.Kh3 Qxe3+ 37.fxe3 Re7 38.Rc3 b5 39.Rb3 Rb7 40.Kg3 a5 41.a3 g5
42.hxg5+ Kxg5 43.e4 b4 44.axb4 axb4 45.Kf3 Kf6 46.Kf4 Ke6 47.g4 Rb8 48.Rh3 Rf8+
49.Ke3 Rg8 50.Rxh7 Rxg4 51.Rb7 b3 52.Kd4 Rg5 53.Rb6+ Ke7 54.Rxb3 Rh5 55.Rb7+ Ke6
56.Rb6+ Kd7 57.Rf6 Ke7 58.Rf1 Ra5 59.Rh1 Ke6 60.Rh6+ Ke7 61.e5 Ra1 62.Rh7+ Ke6
63.Rh6+ Ke7  1/2-1/2

[Event "4th Marko Jaric Mem"]
[Site "Stari Mikanovci CRO"]
[Date "2011.05.14"]
[Round "9"]
[White "Stevic,H"]
[Black "Kozul,Z"]
[Result "1/2-1/2"]
[WhiteElo "2623"]
[BlackElo "2555"]

1.e4 c5 2.c3 Nf6 3.e5 Nd5 4.d4 cxd4 5.Nf3 Nc6 6.cxd4 d6 7.Bc4 e6 8.O-O Be7
9.exd6 Bxd6 10.Nc3 O-O 11.Bb3 h6 12.Re1 Nce7 13.Qd3 Re8 14.a3 Bd7 15.Bc2 Ng6
16.Nxd5 exd5 17.Bd2 Qb6 18.Ne5 Bxe5 19.dxe5 Rac8 20.Bc3 Qb5 21.Qd2 Ne7 22.Bd3 Qb6
23.Bd4 Qe6 24.f4 Nf5 25.Bxa7 d4 26.Rac1 Bc6 27.Bxf5 Qxf5 28.Bxd4 Rcd8 29.Qf2 Rd5
30.Rc5 Red8 31.Rxd5 Rxd5 32.h3 h5 33.Bc3 Rd3 34.Kh2 Rd7 35.Qg3 Be4 36.a4 Kh7
37.Qe3 Bc6 38.Qg3 Rd3 39.Re3 Rd1 40.e6 f6 41.e7 Qb1 42.Re1 Rxe1 43.Qxe1 Qxe1
44.Bxe1 Bxa4 45.Kg3 Kg6 46.Kf3 Bc6+ 47.Kf2 Kf5 48.g3 h4 49.Bd2 hxg3+ 50.Kxg3 Ke6
51.Bb4 Kf5 52.Bc5 g6 53.b4 Ke6 54.Kg4 Kf7 55.h4 Ba4 56.Kf3 Bc6+ 57.Ke3 Ke6
58.Kd4 Kf5 59.Bd6 Ke6 60.Kc5 Be8 61.Bb8 Kxe7 62.Kd4 Ke6 63.Bc7 Kf5 64.Ke3 Kg4
65.Bd8  1/2-1/2

[Event "TCh-HUN 2010-11"]
[Site "Decs HUN"]
[Date "2011.05.15"]
[Round "11"]
[White "Schneider,Ve"]
[Black "Nadj Hedjesi,B"]
[Result "0-1"]
[WhiteElo "2251"]
[BlackElo "2407"]

1.e4 c5 2.c3 Nf6 3.e5 Nd5 4.Nf3 e6 5.d4 cxd4 6.cxd4 Na6 7.Nc3 Nac7 8.Ne4 Be7
9.Bd3 O-O 10.O-O f5 11.exf6 gxf6 12.Bh6 Rf7 13.Rc1 Bf8 14.Qd2 Bxh6 15.Qxh6 Qf8
16.Nxf6+ Nxf6 17.Qxf8+ Kxf8 18.Rxc7 Nd5 19.Rc4 b6 20.Ne5 Rg7 21.Rfc1 Ba6
22.Ra4 Bb7 23.Be4 a5 24.Ra3 Ke7 25.g3 Ra7 26.Bxd5 Bxd5 27.Rc8 Rb7 28.Rac3 Bxa2
29.b3 b5 30.Ra8 a4 31.b4 Bd5 32.Rcc8 d6 33.Re8+ Kf6 34.Rf8+ Kg5 35.h4+ Kh5
36.Nd3 Rbf7 37.Nf4+ Rxf4  0-1